[Event "WchT Seniors 65"]
[Site "Struga"]
[Date "2023.09.24"]
[Round "6.3"]
[White "Bujupi, Fatmir"]
[Black "Kagan, Shimon"]
[Result "1/2-1/2"]
[WhiteElo "2112"]
[BlackElo "2244"]
[PlyCount "64"]
[EventDate "2023.09.19"]
[EventType "team-swiss"]
[EventRounds "9"]
[EventCountry "MKD"]
[SourceTitle "EXT 2024"]
[Source "ChessBase"]
[SourceDate "2023.10.10"]
[SourceVersion "1"]
[SourceVersionDate "2023.10.10"]
[SourceQuality "1"]
[WhiteTeam "Kosovo 65"]
[BlackTeam "Israel 65"]
[WhiteTeamCountry "KOS"]
[BlackTeamCountry "ISR"]

1. e4 c5 2. Nc3 Nc6 3. f4 d6 4. Nf3 g6 5. Bc4 Bg7 6. 0-0 e6 7. a3 Nge7 8. Qe1 0-0 9. d3 b6 10. Ba2 Bb7 11. f5 gxf5 12. Bg5 Qd7 13. Qh4 f6 14. Rae1 Kh8 15. Qh3 Ne5 16. Bc1 Rae8 17. Nh4 d5 18. exf5 exf5 19. Ne2 N7g6 20. Nxf5 Bc8 21. Neg3 Ne7 22. Bd2 Nxf5 23. Nxf5 Qd8 24. Qh5 Bxf5 25. Qxf5 d4 26. Re4 Qc8 27. Qh5 Ng6 28. Rg4 Re5 29. Qh3 Rf5 30. Re1 Re5 31. Rf1 Rf5 32. Re1 Re5 1/2-1/2

[Event "ISR-chT"]
[Site "Israel"]
[Date "2003.01.25"]
[Round "2"]
[White "Kagan, Shimon"]
[Black "Blokh, Dmitry"]
[Result "1-0"]
[WhiteElo "2366"]
[BlackElo "2254"]
[PlyCount "71"]
[EventDate "2003.01.??"]
[EventType "team"]
[EventRounds "11"]
[EventCountry "ISR"]
[SourceTitle "EXT 2004"]
[Source "ChessBase"]
[SourceDate "2003.11.25"]
[SourceVersion "1"]
[SourceVersionDate "2003.11.25"]
[SourceQuality "1"]

1. e4 e6 2. d4 d5 3. Nd2 c5 4. Ngf3 cxd4 5. exd5 Qxd5 6. Bc4 Qd6 7. 0-0 Nf6 8. Nb3 Nc6 9. Nbxd4 Nxd4 10. Nxd4 a6 11. c3 Qc7 12. Bb3 Bd6 13. h3 0-0 14. Bc2 b6 15. Bg5 Bb7 16. Bxf6 gxf6 17. Qh5 f5 18. Bxf5 h6 19. Bc2 Bf4 20. Rae1 Kh8 21. Be4 Rg8 22. Qf3 Bxe4 23. Rxe4 e5 24. Ne2 f5 25. Rb4 a5 26. Rb5 Raf8 27. Rd1 Bg5 28. Qh5 f4 29. h4 Qc6 30. Rbd5 f3 31. Rd6 fxe2 32. Rxc6 exd1Q+ 33. Qxd1 Bf4 34. Qh5 Rg7 35. Rxh6+ Bxh6 36. Qxh6+ 1-0

[Event "ISR-chT"]
[Site "Ramat Aviv"]
[Date "2000.01.14"]
[Round "1.5"]
[White "Kagan, Shimon"]
[Black "Bar, Roman"]
[Result "1/2-1/2"]
[WhiteElo "2390"]
[BlackElo "2328"]
[PlyCount "72"]
[EventDate "2000.01.14"]
[EventType "team"]
[EventRounds "11"]
[EventCountry "ISR"]
[SourceTitle "CBM 074 Extra"]
[Source "ChessBase"]
[SourceDate "2000.03.10"]
[SourceVersion "2"]
[SourceVersionDate "2000.03.10"]
[SourceQuality "1"]
[WhiteTeam "Tel Aviv Ironi"]
[BlackTeam "Petah Tikva Hapoel"]
[WhiteTeamCountry "ISR"]
[BlackTeamCountry "ISR"]

1. e4 c5 2. Nf3 e6 3. d4 cxd4 4. Nxd4 Nc6 5. Nb5 d6 6. c4 Nf6 7. N1c3 a6 8. Na3 Be7 9. Be2 0-0 10. 0-0 b6 11. Be3 Bb7 12. Qd2 Rc8 13. Rfd1 Qc7 14. Rac1 Ne5 15. f3 Rfe8 16. Bf1 Ned7 17. Qf2 Qb8 18. Na4 Bc6 19. Nxb6 Nxb6 20. Bxb6 Bxe4 21. Ba7 Qa8 22. Bd4 Bf5 23. Nc2 e5 24. Ne3 Be6 25. Bc3 Qb8 26. Qd2 Bd8 27. Kh1 Bb6 28. b3 Qa7 29. Re1 Red8 30. Rcd1 h6 31. Ba5 Qc7 32. Bxb6 Qxb6 33. Bd3 a5 34. Bf5 Rc5 35. Qd3 Qc7 36. Rd2 Nh5 1/2-1/2

[Event "ISR-chT"]
[Site "Israel"]
[Date "1999.03.26"]
[Round "5"]
[White "Kagan, Shimon"]
[Black "Ravia, Mosi"]
[Result "0-1"]
[WhiteElo "2380"]
[BlackElo "2373"]
[PlyCount "77"]
[EventDate "1999.01.??"]
[EventType "team"]
[EventRounds "11"]
[EventCountry "ISR"]
[SourceTitle "EXT 2000"]
[Source "ChessBase"]
[SourceDate "1999.11.16"]
[SourceVersion "1"]
[SourceVersionDate "1999.11.16"]
[SourceQuality "1"]

1. e4 c5 2. Nf3 e6 3. d4 cxd4 4. Nxd4 Qb6 5. Nb3 Nc6 6. Nc3 Nf6 7. a3 Be7 8. Bf4 0-0 9. Bd3 d6 10. 0-0 a6 11. Be3 Qc7 12. f4 b5 13. g4 b4 14. axb4 Nxb4 15. g5 Nd7 16. Rf3 Bb7 17. Na5 Nxd3 18. cxd3 Rfb8 19. Rh3 Bc8 20. Qh5 Nf8 21. Nc4 d5 22. exd5 exd5 23. Nxd5 Qd8 24. Nxe7+ Qxe7 25. Rg3 Rb3 26. Qd1 Rab8 27. Na5 Rxb2 28. Nc6 Qd6 29. Nxb8 Qxb8 30. Bd4 Rb4 31. Be5 Qb5 32. d4 Bb7 33. d5 Qc5+ 34. Kf1 Bxd5 35. Rc1 Qb5+ 36. Kf2 Ra4 37. Rd3 Qb6+ 38. Kg3 Ra2 39. Rxd5 0-1

[Event "ISR-chT"]
[Site "Israel"]
[Date "1996.??.??"]
[Round "10"]
[White "Kagan, Shimon"]
[Black "Berkovich, Mark A"]
[Result "1/2-1/2"]
[WhiteElo "2375"]
[BlackElo "2390"]
[PlyCount "105"]
[EventDate "1996.??.??"]
[EventType "team"]
[EventRounds "11"]
[EventCountry "ISR"]
[SourceTitle "CBM 052 Extra"]
[Source "ChessBase"]
[SourceDate "1996.07.01"]
[SourceVersion "1"]
[SourceVersionDate "1996.07.01"]
[SourceQuality "1"]

1. e4 c5 2. Nf3 d6 3. d4 cxd4 4. Nxd4 Nf6 5. Nc3 g6 6. g3 Nc6 7. Nde2 b6 8. Bg2 Ba6 9. a4 Bg7 10. 0-0 0-0 11. Nb5 Bb7 12. Nec3 a6 13. Na3 Rc8 14. Be3 Ne5 15. Nd5 Nfd7 16. Bd4 Nc5 17. b3 e6 18. Nc3 f5 19. f4 Nf7 20. Bxg7 Kxg7 21. exf5 gxf5 22. Bxb7 Nxb7 23. Qd4+ Qf6 24. Qxb6 Qxc3 25. Qxb7 Rc6 26. Qa7 d5 27. Rad1 Rfc8 28. Rfe1 Kf6 29. Re3 Qb2 30. Qd4+ Qxd4 31. Rxd4 Nd6 32. Rb4 Ne4 33. Rb7 h5 34. Rh7 Kg6 35. Ra7 Rd8 36. Rd3 Rb8 37. Kg2 Rb4 38. Kf3 Kf6 39. Ke3 Nd6 40. Kd2 Ne4+ 41. Ke3 Nd6 42. Ra8 h4 43. gxh4 Re4+ 44. Kf3 Rb6 45. Re3 Rbb4 46. Rxe4 fxe4+ 47. Ke2 Nf5 48. Rxa6 e3 49. Nb5 Rxf4 50. Nc7 Rf2+ 51. Kd1 Rf1+ 52. Ke2 Rf2+ 53. Kd1 1/2-1/2

[Event "ISR-chT"]
[Site "Israel"]
[Date "1996.??.??"]
[Round "7"]
[White "Kagan, Shimon"]
[Black "Kaspi, Alexander"]
[Result "1-0"]
[WhiteElo "2375"]
[BlackElo "2475"]
[PlyCount "83"]
[EventDate "1996.??.??"]
[EventType "team"]
[EventRounds "11"]
[EventCountry "ISR"]
[SourceTitle "CBM 052 Extra"]
[Source "ChessBase"]
[SourceDate "1996.07.01"]
[SourceVersion "1"]
[SourceVersionDate "1996.07.01"]
[SourceQuality "1"]

1. e4 c5 2. Nf3 d6 3. d4 cxd4 4. Nxd4 Nf6 5. Nc3 a6 6. a4 e5 7. Nde2 Nbd7 8. Ng3 Qc7 9. Be2 b6 10. 0-0 Bb7 11. Bg5 g6 12. Qd2 h6 13. Be3 Nc5 14. f3 Bg7 15. Bc4 h5 16. Nd5 Bxd5 17. Bxd5 Rc8 18. Rfd1 0-0 19. Qb4 Kh7 20. Ba2 Ng8 21. Ne2 Ne7 22. Nc3 Rb8 23. Nd5 Nxd5 24. Rxd5 Rfd8 25. Qc4 a5 26. Rad1 Qe7 27. c3 Bh6 28. Bf2 Ne6 29. Rb5 Rdc8 30. Qb3 Rc7 31. Rxb6 Rxb6 32. Qxb6 Nf4 33. h4 d5 34. exd5 Rb7 35. d6 Qd7 36. Qxb7 Qxb7 37. d7 Qxb2 38. Bxf7 Nd3 39. d8Q Qxf2+ 40. Kh1 Bg7 41. Qxd3 Qxh4+ 42. Kg1 1-0

[Event "Tel Aviv "]
[Site "Tel Aviv "]
[Date "1995.??.??"]
[Round "?"]
[White "Kagan, Shimon"]
[Black "Shmuter, Leonid"]
[Result "0-1"]
[WhiteElo "2360"]
[BlackElo "2480"]
[PlyCount "69"]
[EventDate "1995.??.??"]
[EventType "swiss"]
[EventRounds "9"]
[EventCountry "ISR"]
[SourceTitle "EXT 2000"]
[Source "ChessBase"]
[SourceDate "1999.11.16"]
[SourceVersion "1"]
[SourceVersionDate "1999.11.16"]
[SourceQuality "1"]

1. b4 e5 2. Bb2 Bxb4 3. Bxe5 Nf6 4. c4 0-0 5. a3 Be7 6. e3 d5 7. cxd5 Nxd5 8. Nf3 c5 9. Be2 Nc6 10. Bb2 Bf6 11. Qc2 Bf5 12. Qxf5 Bxb2 13. Ra2 Bf6 14. 0-0 Rc8 15. Rc2 g6 16. Qe4 Re8 17. Qa4 Qb6 18. Bc4 Red8 19. Bxd5 Rxd5 20. Nc3 Bxc3 21. Rxc3 Rcd8 22. Qe4 Qc7 23. Rfc1 Qd6 24. h3 Kg7 25. Qb1 Rd7 26. Qb5 Nd4 27. exd4 cxd4 28. Rc5 Rc7 29. Rxc7 Rxb5 30. a4 Rb1 31. Rxf7+ Kxf7 32. Rxb1 b6 33. Rc1 Kg7 34. Rc4 d3 35. Rg4 0-1

[Event "EU-Cup 09th Group4"]
[Site "Portoroz"]
[Date "1993.09.19"]
[Round "2"]
[White "Kagan, Shimon"]
[Black "Marin, Mihail"]
[Result "0-1"]
[WhiteElo "2360"]
[BlackElo "2515"]
[PlyCount "106"]
[EventDate "1993.09.18"]
[EventType "team-k.o."]
[EventRounds "3"]
[EventCountry "SLO"]
[SourceTitle "EXT 2020"]
[Source "ChessBase"]
[SourceDate "2019.10.17"]
[SourceVersion "1"]
[SourceVersionDate "2019.10.17"]
[SourceQuality "1"]
[WhiteTeam "Tel Aviv Moshe Czerniak"]
[BlackTeam "Bucharest AS RAT"]
[WhiteTeamCountry "ISR"]
[BlackTeamCountry "ROU"]

1. e4 e5 2. Nf3 Nc6 3. Bb5 a6 4. Bxc6 dxc6 5. 0-0 f6 6. d4 Bg4 7. dxe5 Qxd1 8. Rxd1 fxe5 9. Rd3 Bd6 10. Nbd2 b5 11. b3 Ne7 12. Bb2 Ng6 13. g3 0-0 14. Kg2 h6 15. h3 Be6 16. h4 Bg4 17. Nf1 Rf6 18. N3h2 Bh5 19. Ne3 Raf8 20. Neg4 Re6 21. f3 c5 22. a4 b4 23. Ne3 Ne7 24. Rf1 Nc6 25. Rf2 Be8 26. Nhf1 h5 27. Nd2 Kh7 28. Ndc4 Nd4 29. Nd5 Bc6 30. Na5 Bxd5 31. exd5 Rg6 32. Nc4 Nf5 33. Bxe5 Nxg3 34. Bxg3 Rxg3+ 35. Kf1 Rf4 36. Nd2 Rxh4 37. Ne4 Rh1+ 38. Ke2 Rgg1 39. f4 Re1+ 40. Kf3 Bxf4 41. Nxc5 Bd6 42. Ne6 Rhg1 43. Re2 Rg3+ 44. Kf2 Rxe2+ 45. Kxe2 Rxd3 46. Kxd3 Kg6 47. Ke4 Kf6 48. Nd4 g5 49. Ne2 g4 50. c4 bxc3 51. Nxc3 h4 52. Nd1 h3 53. Ne3 Kg5 0-1

[Event "EU-Cup 09th Group4"]
[Site "Portoroz"]
[Date "1993.09.18"]
[Round "1"]
[White "Kozul, Zdenko"]
[Black "Kagan, Shimon"]
[Result "1-0"]
[WhiteElo "2595"]
[BlackElo "2360"]
[PlyCount "115"]
[EventDate "1993.09.18"]
[EventType "team-k.o."]
[EventRounds "3"]
[EventCountry "SLO"]
[SourceTitle "EXT 2020"]
[Source "ChessBase"]
[SourceDate "2019.10.17"]
[SourceVersion "1"]
[SourceVersionDate "2019.10.17"]
[SourceQuality "1"]
[WhiteTeam "Sarajevo Bosna"]
[BlackTeam "Tel Aviv Moshe Czerniak"]
[WhiteTeamCountry "BIH"]
[BlackTeamCountry "ISR"]

1. d4 Nf6 2. Nf3 g6 3. c4 Bg7 4. Nc3 d6 5. e4 0-0 6. Be2 e5 7. 0-0 Nbd7 8. Qc2 c6 9. Rd1 Qe7 10. d5 cxd5 11. cxd5 a6 12. a4 Nh5 13. g3 Ndf6 14. a5 Bg4 15. Na4 Rac8 16. Qd3 Nd7 17. Nd2 Nc5 18. Nxc5 Bxe2 19. Qxe2 Rxc5 20. Nc4 f5 21. b3 Rcc8 22. Ba3 Rcd8 23. exf5 Rxf5 24. Ra2 e4 25. Rc2 Nf6 26. Ne3 Rf3 27. Bb2 Rf8 28. Qc4 h5 29. Qc7 Qxc7 30. Rxc7 Ne8 31. Bxg7 Nxc7 32. Bxf8 Rxf8 33. Nc4 Nb5 34. Re1 Rf3 35. Rxe4 Rxb3 36. Re7 Rc3 37. Nd2 Nc7 38. Ne4 Rc1+ 39. Kg2 Nxd5 40. Re6 Kg7 41. Rxd6 Rc4 42. Rd7+ Kf8 43. Ng5 Ne7 44. Rxb7 Ra4 45. Ne6+ Ke8 46. Rb8+ Kf7 47. Nd8+ Kg7 48. Ra8 Rxa5 49. Ra7 Kf8 50. Rxe7 Kxe7 51. Nc6+ Kd6 52. Nxa5 Kc5 53. Kf3 Kb5 54. Nb3 Kc4 55. Na1 a5 56. Kf4 a4 57. Kg5 a3 58. Kxg6 1-0

[Event "Tel Aviv"]
[Site "Tel Aviv"]
[Date "1992.??.??"]
[Round "3"]
[White "Kagan, Shimon"]
[Black "Davies, Nigel Rodney"]
[Result "0-1"]
[WhiteElo "2380"]
[BlackElo "2460"]
[PlyCount "110"]
[EventDate "1992.04.??"]
[EventType "tourn"]
[EventRounds "11"]
[EventCountry "ISR"]
[EventCategory "11"]
[SourceTitle "CBM 030"]
[Source "ChessBase"]
[SourceDate "1992.10.01"]
[SourceVersion "1"]
[SourceVersionDate "1992.10.01"]
[SourceQuality "1"]

1. e4 e5 2. Nf3 Nc6 3. Bb5 a6 4. Bxc6 dxc6 5. 0-0 Ne7 6. d4 exd4 7. Nxd4 c5 8. Ne2 Qxd1 9. Rxd1 Bd7 10. Nbc3 0-0-0 11. Bf4 f6 12. Bg3 Ng6 13. Nd5 Ne5 14. Bxe5 fxe5 15. c4 Be6 16. b3 Bd6 17. Rd3 c6 18. Ne3 Bc7 19. Rad1 Rxd3 20. Rxd3 Rf8 21. f3 b5 22. Kf2 Kb7 23. Nc1 Ba5 24. Ke2 Kc7 25. h3 h5 26. Kd1 Rb8 27. cxb5 axb5 28. g4 g6 29. Ke2 hxg4 30. Nxg4 c4 31. Rd1 Bc3 32. Kf2 Bd4+ 33. Kg3 c3 34. f4 Bxg4 35. Kxg4 c5 36. fxe5 Bxe5 37. Rd5 Bd4 38. b4 Be3 39. Nd3 c2 40. Kf3 Bd4 41. Ke2 c4 42. Nc1 Bc3 43. a4 Bxb4 44. axb5 Kb6 45. Rg5 Rd8 46. Rxg6+ Kxb5 47. Rg5+ Ka4 48. Rd5 Rxd5 49. exd5 Ka3 50. Ke3 Kb2 51. Ne2 c1Q+ 52. Nxc1 Kxc1 53. h4 c3 54. h5 c2 55. h6 Kd1 0-1

[Event "Tel Aviv"]
[Site "Tel Aviv"]
[Date "1990.??.??"]
[Round "7"]
[White "Davies, Nigel Rodney"]
[Black "Kagan, Shimon"]
[Result "1-0"]
[WhiteElo "2485"]
[BlackElo "2390"]
[PlyCount "115"]
[EventDate "1990.02.25"]
[EventType "tourn"]
[EventRounds "11"]
[EventCountry "ISR"]
[EventCategory "9"]
[SourceTitle "CBM 020 Extra"]
[Source "ChessBase"]
[SourceDate "1991.03.01"]
[SourceVersion "1"]
[SourceVersionDate "1991.03.01"]
[SourceQuality "1"]

1. e4 c5 2. d3 Nc6 3. g3 g6 4. Bg2 Bg7 5. f4 e6 6. Nf3 Nge7 7. c3 d5 8. e5 Nf5 9. Na3 h5 10. 0-0 Bf8 11. Nc2 Qb6 12. Rb1 Bd7 13. Be3 a5 14. Bf2 a4 15. b4 axb3 16. axb3 Qd8 17. c4 Be7 18. cxd5 exd5 19. d4 cxd4 20. Nfxd4 Nfxd4 21. Nxd4 Bg4 22. Qd2 h4 23. Nb5 hxg3 24. hxg3 Ra5 25. Qxd5 Be2 26. Qxd8+ Nxd8 27. Nc7+ Kd7 28. Rfe1 Bg4 29. Nd5 Nc6 30. b4 Ra2 31. b5 Nd8 32. Rbc1 Ne6 33. Ne3 Be2 34. Nc4 Rb8 35. Bd5 Bxc4 36. Bxc4 Rb2 37. b6 Bb4 38. Red1+ Ke7 39. Bd5 Ba5 40. Rb1 Rxb1 41. Rxb1 Kd7 42. Rd1 Ke7 43. Ra1 Bb4 44. Rc1 Kd7 45. Kg2 Be7 46. Rd1 Ke8 47. Rh1 Bd8 48. Kf3 Ke7 49. Rb1 Kd7 50. Rd1 Ke7 51. g4 Ra8 52. Bxe6 fxe6 53. Bh4+ Ke8 54. Bxd8 Rxd8 55. Rxd8+ Kxd8 56. f5 gxf5 57. gxf5 exf5 58. Kf4 1-0

[Event "Tel Aviv"]
[Site "Tel Aviv"]
[Date "1990.??.??"]
[Round "4"]
[White "Kagan, Shimon"]
[Black "Soffer, Ram"]
[Result "1-0"]
[WhiteElo "2390"]
[BlackElo "2440"]
[PlyCount "93"]
[EventDate "1990.02.25"]
[EventType "tourn"]
[EventRounds "11"]
[EventCountry "ISR"]
[EventCategory "9"]
[SourceTitle "CBM 020 Extra"]
[Source "ChessBase"]
[SourceDate "1991.03.01"]
[SourceVersion "1"]
[SourceVersionDate "1991.03.01"]
[SourceQuality "1"]

1. e4 e5 2. Nf3 Nc6 3. Bb5 f5 4. Nc3 fxe4 5. Nxe4 d5 6. Ng3 Bg4 7. h3 Bxf3 8. Qxf3 Qd6 9. 0-0 0-0-0 10. c3 Kb8 11. d4 e4 12. Qf4 Qg6 13. Qg5 Be7 14. Qxg6 hxg6 15. f3 Bd6 16. Ne2 Nf6 17. Nf4 Bxf4 18. Bxf4 Rh5 19. Be2 exf3 20. Rxf3 Re8 21. Re3 Rhh8 22. Rxe8+ Rxe8 23. Bd3 Ne4 24. Re1 Kc8 25. g4 Kd7 26. Kg2 a6 27. Re2 Kd8 28. Kf3 Rh8 29. Bxe4 dxe4+ 30. Kxe4 Rxh3 31. Rh2 Rxh2 32. Bxh2 Kd7 33. Be5 Nd8 34. Bxg7 Nf7 35. Be5 c6 36. Bf4 Ke6 37. c4 Ke7 38. d5 cxd5+ 39. Kxd5 Kd7 40. b4 Nd8 41. b5 axb5 42. cxb5 Ne6 43. Be5 Ng5 44. a4 b6 45. Bf4 Nf3 46. Ke4 Ng1 47. Be3 1-0

[Event "ISR-ch"]
[Site "Rishon Le Ziyyon"]
[Date "1990.??.??"]
[Round "?"]
[White "Zaltz, Dov"]
[Black "Kagan, Shimon"]
[Result "1-0"]
[WhiteElo "2250"]
[BlackElo "2390"]
[PlyCount "80"]
[EventDate "1990.05.06"]
[EventType "swiss"]
[EventRounds "11"]
[EventCountry "ISR"]
[SourceTitle "EXT 2004"]
[Source "ChessBase"]
[SourceDate "2003.11.25"]
[SourceVersion "1"]
[SourceVersionDate "2003.11.25"]
[SourceQuality "1"]

1. e4 c5 2. Nf3 Nc6 3. d4 cxd4 4. Nxd4 g6 5. Nc3 Bg7 6. Be3 Nf6 7. Bc4 Qa5 8. 0-0 0-0 9. Nb3 Qc7 10. Be2 d6 11. Bg5 a6 12. a4 Be6 13. Nd5 Bxd5 14. exd5 Ne5 15. Bc1 Rac8 16. c3 Nc4 17. a5 Qd7 18. Qd4 Ne5 19. f4 Neg4 20. h3 Nh6 21. Qd1 Nf5 22. Kh2 Ne4 23. Bf3 Neg3 24. Re1 h5 25. Qd3 Bf6 26. Bd2 Rc7 27. Nc1 Rfc8 28. Ne2 Bh4 29. Red1 Rc4 30. b3 Nxe2 31. bxc4 Bg3+ 32. Kh1 Nxf4 33. Qe4 Nxh3 34. gxh3 Rxc4 35. Qxc4 Ne3 36. Qe2 Qxh3+ 37. Kg1 Ng4 38. Bxg4 hxg4 39. Qg2 Qh4 40. Be1 Bxe1 1-0

[Event "Tel Aviv-B"]
[Site "Tel Aviv"]
[Date "1989.??.??"]
[Round "?"]
[White "Davidovic, Aleksandar"]
[Black "Kagan, Shimon"]
[Result "1/2-1/2"]
[WhiteElo "2425"]
[BlackElo "2375"]
[PlyCount "45"]
[EventDate "1989.04.??"]
[EventType "tourn"]
[EventRounds "11"]
[EventCountry "ISR"]
[EventCategory "7"]
[SourceTitle "EXT 1997"]
[Source "ChessBase"]
[SourceDate "1996.11.15"]
[SourceVersion "1"]
[SourceVersionDate "1996.11.15"]
[SourceQuality "1"]

1. Nf3 c5 2. c4 g6 3. g3 Bg7 4. Bg2 Nc6 5. 0-0 d6 6. Nc3 Nh6 7. d3 Nf5 8. Bd2 0-0 9. a3 Rb8 10. Rb1 a5 11. Ne1 Bd7 12. Nc2 Nfd4 13. Nxd4 cxd4 14. Nb5 Ne5 15. Qa4 Nc6 16. b4 axb4 17. Bxb4 Ra8 18. Qc2 Nxb4 19. Rxb4 Bc6 20. Qb2 e5 21. e3 dxe3 22. fxe3 Bxg2 23. Kxg2 1/2-1/2

[Event "Tel Aviv-B"]
[Site "Tel Aviv"]
[Date "1989.??.??"]
[Round "?"]
[White "Kagan, Shimon"]
[Black "Gruenfeld, Yehuda"]
[Result "1/2-1/2"]
[WhiteElo "2375"]
[BlackElo "2535"]
[PlyCount "96"]
[EventDate "1989.04.??"]
[EventType "tourn"]
[EventRounds "11"]
[EventCountry "ISR"]
[EventCategory "7"]
[SourceTitle "EXT 1997"]
[Source "ChessBase"]
[SourceDate "1996.11.15"]
[SourceVersion "1"]
[SourceVersionDate "1996.11.15"]
[SourceQuality "1"]

1. e4 c5 2. Nf3 d6 3. d4 cxd4 4. Nxd4 Nf6 5. Nc3 a6 6. Bd3 Nc6 7. Nxc6 bxc6 8. 0-0 e5 9. Na4 Be7 10. c4 0-0 11. b3 Be6 12. Bb2 Nd7 13. Qc2 c5 14. Rad1 Re8 15. Be2 Bf8 16. Rd3 Qa5 17. Rg3 Nb8 18. Bg4 Nc6 19. Bxe6 fxe6 20. f4 Nd4 21. Bxd4 cxd4 22. f5 Qd8 23. Qf2 exf5 24. Qxf5 Ra7 25. Rgf3 g6 26. Qg4 Bh6 27. h4 Be3+ 28. Kh2 Rg7 29. g3 h5 30. Qh3 Bh6 31. R1f2 Kh7 32. Qf1 Be3 33. Rg2 a5 34. Rc2 Bh6 35. Rcf2 Be3 36. Rc2 Bh6 37. Re2 Qb8 38. Qe1 Qc7 39. Ref2 Ree7 40. Qe2 Rgf7 41. Kg2 Kg7 42. Nb2 Be3 43. Rxf7+ Rxf7 44. Rxf7+ Qxf7 45. Nd3 Qb7 46. Kf3 Qf7+ 47. Kg2 Qb7 48. Kf3 Qf7+ 1/2-1/2

[Event "Tel Aviv-B"]
[Site "Tel Aviv"]
[Date "1989.??.??"]
[Round "?"]
[White "Pein, Malcolm"]
[Black "Kagan, Shimon"]
[Result "1-0"]
[WhiteElo "2405"]
[BlackElo "2375"]
[PlyCount "111"]
[EventDate "1989.04.??"]
[EventType "tourn"]
[EventRounds "11"]
[EventCountry "ISR"]
[EventCategory "7"]
[SourceTitle "EXT 1997"]
[Source "ChessBase"]
[SourceDate "1996.11.15"]
[SourceVersion "1"]
[SourceVersionDate "1996.11.15"]
[SourceQuality "1"]

1. d4 Nf6 2. c4 g6 3. Nc3 Bg7 4. e4 d6 5. Be2 0-0 6. Bg5 c5 7. d5 Qa5 8. Bd2 a6 9. a4 Qc7 10. h3 e6 11. Nf3 exd5 12. exd5 Bf5 13. Nh4 Ne4 14. Nxf5 gxf5 15. Ra3 Nd7 16. 0-0 Rae8 17. Be1 Bd4 18. Kh1 Qd8 19. Rb3 b6 20. Bd3 Qh4 21. f3 Ng3+ 22. Bxg3 Qxg3 23. Bxf5 Be5 24. f4 Bxf4 25. Qg4+ Qxg4 26. Bxg4 f5 27. Bh5 Bh6 28. Bxe8 Rxe8 29. Rxf5 Re1+ 30. Kh2 Ne5 31. Rxb6 Nxc4 32. Rxa6 Ne3 33. Rf3 Nf1+ 34. Rxf1 Rxf1 35. Rb6 Ra1 36. Kg3 Bg7 37. Kf4 Bxc3 38. bxc3 Rxa4+ 39. Kf5 Rc4 40. Kf6 h5 41. Kg6 Kf8 42. Kxh5 Ke7 43. g4 Rxc3 44. h4 Rd3 45. g5 Rxd5 46. Kh6 c4 47. Rb7+ Ke6 48. Rc7 Rd4 49. h5 d5 50. g6 Rg4 51. g7 Kd6 52. Rc8 Kd7 53. g8Q Rxg8 54. Rxg8 c3 55. Rg1 d4 56. Rd1 1-0

[Event "Tel Aviv-B"]
[Site "Tel Aviv"]
[Date "1989.??.??"]
[Round "?"]
[White "Shvidler, Eliahu"]
[Black "Kagan, Shimon"]
[Result "1/2-1/2"]
[WhiteElo "2410"]
[BlackElo "2375"]
[PlyCount "38"]
[EventDate "1989.04.??"]
[EventType "tourn"]
[EventRounds "11"]
[EventCountry "ISR"]
[EventCategory "7"]
[SourceTitle "EXT 1997"]
[Source "ChessBase"]
[SourceDate "1996.11.15"]
[SourceVersion "1"]
[SourceVersionDate "1996.11.15"]
[SourceQuality "1"]

1. d4 Nf6 2. Nf3 g6 3. c4 Bg7 4. Nc3 0-0 5. g3 d6 6. Bg2 Na6 7. 0-0 c5 8. b3 Bg4 9. h3 Bxf3 10. Bxf3 Qd7 11. Bg2 cxd4 12. Qxd4 Nc5 13. Bb2 Nfe4 14. Qe3 Nxc3 15. Bxc3 Bxc3 16. Qxc3 Rac8 17. Rac1 Rc7 18. Rfd1 Rfc8 19. e4 Qe6 1/2-1/2

[Event "Tel Aviv-B"]
[Site "Tel Aviv"]
[Date "1989.??.??"]
[Round "?"]
[White "Soffer, Ram"]
[Black "Kagan, Shimon"]
[Result "0-1"]
[WhiteElo "2365"]
[BlackElo "2375"]
[PlyCount "134"]
[EventDate "1989.04.??"]
[EventType "tourn"]
[EventRounds "11"]
[EventCountry "ISR"]
[EventCategory "7"]
[SourceTitle "EXT 1997"]
[Source "ChessBase"]
[SourceDate "1996.11.15"]
[SourceVersion "1"]
[SourceVersionDate "1996.11.15"]
[SourceQuality "1"]

1. d4 g6 2. e4 Bg7 3. Nf3 d6 4. Be2 Nd7 5. 0-0 e5 6. Nc3 Ngf6 7. Re1 0-0 8. Bf1 Re8 9. d5 a5 10. a3 Nc5 11. Rb1 Bd7 12. b4 axb4 13. axb4 Na4 14. Nxa4 Rxa4 15. c4 Qe7 16. Bd3 Rea8 17. Bc2 Ra2 18. Bb3 Ba4 19. Bb2 Qe8 20. Qd3 Bxb3 21. Qxb3 Bh6 22. h3 Qa4 23. Qc3 b6 24. Nh2 c5 25. dxc6 Qxc6 26. Ng4 Nxg4 27. hxg4 Rc8 28. Bc1 Bf8 29. c5 bxc5 30. b5 Qd7 31. g5 Rb8 32. Qd3 Ra5 33. b6 Qc6 34. Be3 Rxb6 35. Rxb6 Qxb6 36. Rb1 Qc6 37. f3 Qa8 38. Rb6 Ra3 39. Rb3 Rxb3 40. Qxb3 Qa6 41. Kf2 c4 42. Qb8 Qa2+ 43. Kg3 Qb3 44. Qa7 Qd3 45. Kf2 c3 46. Qc7 Qc2+ 47. Kg3 Qb2 48. Qc8 Kg7 49. Qc7 c2 50. Qc8 d5 51. exd5 Ba3 52. Qc6 c1Q 53. Qf6+ Kg8 54. Bxc1 Qxc1 55. Qd8+ Bf8 56. d6 Qf4+ 57. Kh3 h5 58. d7 h4 59. Qxf8+ Kxf8 60. d8Q+ Kg7 61. Qf6+ Qxf6 62. gxf6+ Kxf6 63. Kxh4 Kf5 64. Kg3 Kg5 65. Kf2 Kh4 66. g3+ Kh3 67. g4 e4 0-1

[Event "Israel"]
[Site "Israel"]
[Date "1988.??.??"]
[Round "?"]
[White "Kaganovski, Michael"]
[Black "Kagan, Shimon"]
[Result "0-1"]
[WhiteElo "2290"]
[BlackElo "2405"]
[PlyCount "40"]
[EventDate "1988.??.??"]
[EventType "tourn"]
[EventRounds "9"]
[EventCountry "ISR"]
[SourceTitle "EXT 2000"]
[Source "ChessBase"]
[SourceDate "1999.11.16"]
[SourceVersion "1"]
[SourceVersionDate "1999.11.16"]
[SourceQuality "1"]

1. d4 Nf6 2. Nc3 d5 3. Bg5 Nbd7 4. Qd3 g6 5. e4 dxe4 6. Nxe4 Bg7 7. Nf3 0-0 8. 0-0-0 b6 9. Be2 Bb7 10. Nxf6+ Nxf6 11. Kb1 Qd6 12. Bh4 c5 13. Qa3 Qc6 14. Rhg1 e6 15. dxc5 Nd5 16. Nd4 Qxc5 17. Qxc5 bxc5 18. Nb5 a6 19. Nd6 Rfb8 20. c4 Nc3+ 0-1

[Event "EU-Cup 06th round of 32"]
[Site "Trento"]
[Date "1987.??.??"]
[Round "1.1"]
[White "Kagan, Shimon"]
[Black "Vallifuoco, Giacomo"]
[Result "1/2-1/2"]
[WhiteElo "2410"]
[BlackElo "2385"]
[PlyCount "56"]
[EventDate "1987.??.??"]
[EventType "team-match"]
[EventRounds "2"]
[EventCountry "ITA"]
[SourceTitle "EXT 2020"]
[Source "ChessBase"]
[SourceDate "2019.10.17"]
[SourceVersion "1"]
[SourceVersionDate "2019.10.17"]
[SourceQuality "1"]
[WhiteTeam "Tel Aviv Univ"]
[BlackTeam "Trento GS Cavit"]
[WhiteTeamCountry "ISR"]
[BlackTeamCountry "ITA"]

1. e4 c5 2. Nf3 e6 3. d4 cxd4 4. Nxd4 Nf6 5. Nc3 d6 6. g3 Nc6 7. Bg2 Bd7 8. 0-0 Be7 9. Nce2 0-0 10. c4 a6 11. b3 Nxd4 12. Nxd4 Rc8 13. Ba3 b5 14. cxb5 axb5 15. Qd2 g6 16. Rac1 e5 17. Nc2 Bc6 18. Rfe1 Bb7 19. Bb4 Re8 20. Na3 Rxc1 21. Qxc1 Qb6 22. Qe3 Qa6 23. Rc1 d5 24. Bxe7 d4 25. Qd2 Rxe7 26. Qb4 Rd7 27. f3 d3 28. Rd1 Qb6+ 1/2-1/2